Dragon ball - Transformation - Statistiques

Statistiques générales
  • Ce quiz a été pris 2 267 fois
  • Le résultat moyen est 16 sur 51
Statistiques - réponses
series Hint Réponse % Correct
DBZ Saiyen SSJ1
94%
DBZ Saiyen SSJ2
93%
DBZ Saiyen SSJ3
92%
DBGT Saiyen SSJ4
85%
Film saiyen SSJ Blue
76%
DBZ Goku Kaioken
73%
Film Saiyen SSJ god
72%
DBS Goku Ultra instinct
61%
Film Freezer Golden
55%
SDBH Cooler Golden
55%
DBS Black Goku SSJ rosé
55%
DB Saiyen Oozaru
47%
DBS Vegeta Ultra Ego
44%
DBS Gohan Beast
42%
Film Broly (DBZ) SSJ Légendaire
41%
DBS Freezer Black
40%
DBS Piccolo Orange
35%
DBZ Cell Perfect
34%
DBAF Goku SSJ5
31%
DBS Goku SSJ Blue (kaioken)
31%
DBZ Gohan Ultimate
27%
DBS Goku Ultra Instinct (maîtrisé)
26%
DBZ Freezer forme finale
24%
Film Cooler Forme finale
24%
DBS Vegeta SSJ Blue Evolution
24%
DBS Trunks Ikari
22%
DBZ Vegeta Majin
22%
Film Cooler Metal Cooler
22%
DBZ Freezer 1ère forme
21%
DBS Kale Berserker
21%
DBZ Freezer forme finale - puissance maximale
18%
DBGT Saiyen Golden Oozaru
15%
DBZ Saiyen SSJ1 (maîtrisé)
15%
SDBH Black Goku SSJ3 rosé
14%
DB - Film Namek forme géante
12%
DBZ Freezer 2e forme
10%
DBZ Freezer 3e forme
10%
Film Goku Fake SSJ1
10%
DBZ Cell Semi-perfect
10%
SDBH Black Goku SSJ2 rosé
10%
DBZ Cell Imperfect
8%
DBS (manga) Saiyen SSJ Blue (maîtrisé)
8%
DBZ Fusion Potalas
6%
DBZ Saiyen SSJ1 - stade 2
5%
DBZ Saiyen SSJ1 - stade 3
5%
SDBH Cooler Golden metal Cooler
4%
Film Fusion Metamole
4%
SDBH Saiyen SSJ4 - limit Breaker
4%
DBGT Goku SSJ4 - puissance maximale
2%
SDBH Black Goku SSJ rosé - puissance maximale
2%
SDBH Broly Dark SSJ4
1%
Aucun quiz correspondant
Distribution des résultats
% des personnes avec chaque résultat
Percentile par nombre de réponses
Votre historique - résultats
Vous n’avez pas pris ce quiz